| 000 | 00404nam a22001457a 4500 | ||
|---|---|---|---|
| 005 | 20200603160828.0 | ||
| 008 | 200603b xxu||||| |||| 00| 0 eng d | ||
| 082 | _a245.4 AIR | ||
| 110 |
_aThe All Iindia reporter _95765 |
||
| 245 | _aThe All Iindia reporter 1987(V-74)SUPRIM COURT Section | ||
| 260 |
_aBOMBAY _bThe All Iindia reporter Ltd. _c1987 |
||
| 300 | _a320 | ||
| 650 |
_aLAW _95701 |
||
| 942 | _cJRL | ||
| 999 |
_c6785 _d6783 |
||